00568nam a2200169Ia 4500003000900000008004100009020002200050040001600072080002200088245013900110250001200249260004600261300001300307650002900320650002900349700002000378IN-BaIIA211028s9999 xx 000 0 eng d a978-88-7438-098-5 cIIA Library a53:92(082.1)bTHE 4aThe Legacy of Edoardo Amaldi in science and societybproceedings of conference held in Rome, October 23-25, 2008cedited by F. Ferroni a2nd ed. aBolognabSocieta Italiana di Fisicac2010 ax, 503p. aEdoardo Amaldi-Biography aScientific contributions aFerroni, F. ed.